000 00464nam a2200145 a 4500
001 000038383
005 20201002031237.0
008 130410s2004 dr 000 0 spa d
040 _aDO-SdBNP
_bspa
_cBNPHU
100 1 _aNúñez, Oscar F.,
_d1980
_964733
245 1 0 _aDiosa del sueño /
_cOscar F. Núñez.
260 _aSanto Domingo :
_bAmazing Graphis ,
_c[s. F.].
300 _a110 p. : ;
_c18 cm.
500 _aBreve biografía del autor en la solapa de la portada
999 _c37873
_d37873